000 00648nam a2200205Ia 4500
008 240729s9999 xx 000 0 und d
022 _a2162-3619
245 0 _aExperimental Hematology & Oncology
260 _aUnited Kingdom
260 _bBMC
650 _a Diseases of the blood and blood-forming organs | Medicine
650 _a Internal medicine
650 _a Internal medicine
650 _a Neoplasms. Tumors. Oncology. Including cancer and carcinogens
650 _a Specialties of internal medicine
650 _aMedicine
856 _uhttps://doaj.org/toc/cafb1558ef694bb4bd5d2628ebf3907f
942 _2ddc
942 _cDOAJEJ
999 _c74506
_d74506
945 _a1
_bMadushi Gamage
_c1
_dMadushi Gamage